The fortune heiress / (Record no. 138086)

MARC details
000 -LEADER
fixed length control field 00501nam a22001817a 4500
005 - DATE AND TIME OF LATEST TRANSACTION
control field 20170308101824.0
010 ## - LCCN (DPL NO)
LC control number ENG-117462
020 ## - INTERNATIONAL STANDARD BOOK NUMBER
International Standard Book Number 9788176506984
Terms of availability 450.00
035 ## - SYSTEM CONTROL NUMBER
System control number EN-100994
037 ## - SOURCE OF ACQUISITION
Source of stock number/acquisition DBAD/PUB
082 ## - DEWEY DECIMAL CLASSIFICATION NUMBER
Classification number S
100 ## - MAIN ENTRY--PERSONAL NAME
Personal name Saluja,Pritinder Singh
245 ## - TITLE STATEMENT
Title The fortune heiress /
Statement of responsibility, etc by Pritinder singh saluja
260 ## - PUBLICATION, DISTRIBUTION, ETC. (IMPRINT)
Place of publication, distribution, etc New Delhi
Name of publisher, distributor, etc Star publications
Date of publication, distribution, etc 2016
270 ## - ADDRESS
Address 4/5B Asaf Ali Road
City New Delhi
Postal code 110002
300 ## - PHYSICAL DESCRIPTION
Extent xii 260p
Dimensions 21cm (pbk)
942 ## - ADDED ENTRY ELEMENTS (KOHA)
Source of classification or shelving scheme Dewey Decimal Classification
Item type English Books
Classification part S
Call number suffix SAL
Holdings
Withdrawn status Lost status Not for loan Collection code Home library Current library Date acquired Source of acquisition Cost, normal purchase price Full call number Barcode Copy number Cost, replacement price Koha item type
    Not For Loan Fiction D.B.Act.Division Bawana 07/03/2017 DBAD/PUB 450.00 S ANI EN-100994 1 450.00 English Books

© Delhi Public Library
Hit Counter
free hit counter